Komp'jutery Spravočnoje rukovodstvo v troch tomach
Uložené v:
| Médium: | Kniha |
|---|---|
| Jazyk: | Russian |
| Vydavateľské údaje: |
Moskva
Mir
1986
|
| Vydanie: | 1. izd. |
| Tagy: |
Žiadne tagy, Buďte prvý, kto otaguje tento záznam!
|
MARC
| LEADER | 00000nam a2200000 4500 | ||
|---|---|---|---|
| 001 | c023918 | ||
| 005 | 20221220071819.0 | ||
| 041 | 0 | |a rus | |
| 044 | |a RU | ||
| 245 | 1 | 0 | |a Komp'jutery |b Spravočnoje rukovodstvo v troch tomach |
| 250 | |a 1. izd. | ||
| 264 | 1 | |a Moskva |b Mir |c 1986 | |
| 300 | |a 3 zv. | ||